000 00866nam a2200193 a 4500
001 46740
005 20180714030429.0
008 140415s1989 it 000 0 ita d
041 _aita
082 _a195
_bOPE
100 1 _aSCIACCA, MICHELE FEDERICO
245 1 0 _aIL CHISCIOTTISMO TRAGICO DI UNAMUNO
250 _a1a ed.
260 _aITALIA :
_bLEPOS,
_c1989
300 _a146
_c14 x 1.3 x 22.5
490 _aOPERE DI MICHELE FEDERICO SCIACCA
520 _aSE NON AVESSI PUBBLICATO UN LIBRO CON IL TITOLO DIALOGO CON MAURIZIO BLONDEL, AVREI INTITOLATO QUESTO <<DIALOGO CON MIGUEL DE UNAMUNO>>; MA QUELLO CHE HO DATO AL SAGGIO RISPONDE MEGLIO AL SUO CONTENUTO. CERTO, ANCHE CON DON MIGUEL LA CONVIVENZA É ORMAI ANTICA E RISALE A QUASI QUARANT´ ANNI FA QUANDO MI CAPITÓ DI LEGGERE ALCUNI SUOI SAGGI.
650 1 4 _aFILOSOFIA MODERNA
_xESPAA
999 _c46740
_d46740